000
00282nam a2200109Ia 4500
008
220120s9999||||xx |||||||||||||| ||und||
100
_a
Bahrami, Ali
245
0
_a
Object orianted systems develoment
260
_a
Mc graw hill
_b
New Delhi
_c
1999
300
_b
0
650
_a
MATHEMATICS
999
_c
136808
_d
136808